| 000 | 00643nam a22001817a 4500 | ||
|---|---|---|---|
| 005 | 20251108165244.0 | ||
| 008 | 250721s1984 xx 000 0 ara d | ||
| 082 | 1 | 4 | _a956.402/زيا |
| 100 | 1 | _aعودة، زياد | |
| 245 | 1 | 0 |
_aعبد الرحيم الحاج محمد بطل . . . و ثورة : _bصفحات مشرقة من تاريخ النضال الفلسطيني إبان ثورة 1936-1939 / |
| 264 | 1 |
_aعمان : _bالوكالة العربية، _c1984. |
|
| 300 | _a167ص- مصور | ||
| 650 | 1 | 7 | _aفلسطين |
| 650 | 1 | 7 | _aتاريخ 1917-1948 |
| 650 | 1 | 7 | _aالثوره 1936- 1939 |
| 942 |
_2ddc _cBK |
||
| 999 |
_c23349 _d23349 |
||